|
|
|
|
| LEADER |
01156nam a22003492a 4500 |
| 001 |
001677162 |
| 003 |
CZ BrMZK |
| 005 |
20190724155726.0 |
| 007 |
ta |
| 008 |
190404s1956 xr a er|||||||||||cze d |
| 015 |
|
|
|a cnb000681466
|
| 035 |
|
|
|a (OCoLC)85457179
|
| 040 |
|
|
|a ABA001
|b cze
|c OSA001
|d ABA001
|d OLA001
|d BOA001
|
| 072 |
|
7 |
|a 62
|x Technika všeobecně
|2 Konspekt
|9 19
|
| 080 |
|
|
|a 62-8
|2 MRF
|
| 080 |
|
|
|a (041)
|2 MRF
|
| 100 |
1 |
|
|a Kubrycht, Jaroslav,
|d 1928-
|7 jk01070473
|4 aut
|
| 245 |
1 |
0 |
|a Zlepšení a zkušenosti z provozu synchronních motorů /
|c Jaroslav Kubrycht
|
| 250 |
|
|
|a 1. vyd.
|
| 260 |
|
|
|a Praha :
|b UTEIN,
|c 1956
|
| 300 |
|
|
|a 21 s. :
|b il. ;
|c 8°
|
| 490 |
1 |
|
|a Technické informace ;
|v řada 15, sv. 8
|
| 500 |
|
|
|a 300 výt.
|
| 504 |
|
|
|a Obsahuje bibliografii
|
| 650 |
0 |
7 |
|a motory
|7 ph115363
|2 czenas
|
| 653 |
0 |
|
|a synchronní motory
|
| 655 |
|
7 |
|a brožury
|7 fd131925
|2 czenas
|
| 830 |
|
0 |
|a Technické informace (Ústav pro technické a ekonomické informace)
|
| 910 |
|
|
|a BOA001
|b X-0383.553
|
| 990 |
|
|
|a BK
|
| 991 |
|
|
|b 201904
|
| 996 |
6 |
|
|b 2618978993
|c X-0383.553
|l MZK
|r Sklad / do 24 hodin
|n 0
|w 001717246
|u 000010
|a 1
|e BOA001
|j MZK50
|s P
|